Sports Quiz

Random Sports or Football Quiz

UCF Football Gone Pro (Present-1999) Quiz Stats

 Plays Quiz not verified by Sporcle

Score 0/16 Timer 08:00
0 Plays Today
Team Name % Correct
MinnesotaDaunte Culpepper
81.5%
DetroitKevin Smith
79.3%
DenverBrandon Marshall
77.2%
New EnglandAsante Samuel
58.7%
JacksonvilleMike Sims-Walker
52.2%
BuffaloTorell Troup
44.6%
PittsburghJoe Burnett
44.6%
Green BayJosh Sitton
32.6%
Team Name % Correct
OaklandDoug Gabriel
16.3%
CarolinaMichael Gaines
9.8%
St. LouisTravis Fisher
9.8%
Green BayCharles Lee
9.8%
Kansas CityMike Merritt
7.6%
CincinnatiElton Patterson
5.4%
IndianapolisPaul Miranda
5.4%
BaltimoreMike Mabry
2.2%

You're not logged in!

Compare scores with friends on all Sporcle quizzes.
OR
Log In

You Might Also Like...

Show Comments

Extras

Top Quizzes Today


Score Distribution

Your Account Isn't Verified!

In order to create a playlist on Sporcle, you need to verify the email address you used during registration. Go to your Sporcle Settings to finish the process.

Report this User

Report this user for behavior that violates our Community Guidelines.

Details: